000 00662nam0a22002531 4500
001 RU\NLR\INFOCOMM17\ROSSICA\1000292851
005 20250613185639.0
035 _a(NLR Aleph) 009892937
090 _a10530273
_c10530273
100 _a20030703d1893 |||y0rusy50 ca
101 0 _aeng
102 _aRU
105 _ay ||||000ay
200 1 _aA sketch of St.Petersburg Alexander Institution
_fEnko, Peter
210 _aSt.Petersburg
_d1893
215 _d
700 1 _aEnko
_bP.
_gPeter
_4070
801 1 _aRU
_bInfoComm
_c20030703
801 0 _aRU
_bNLR
_gPSBO
852 _aNLR
_j12.53.9.823
942 _cBOOK
980 _aNB
980 _aRossica